000
00288nam a2200109Ia 4500
008
230907s9999||||xx |||||||||||||| ||und||
082
_a
324.2
_b
CHO
100
_a
Choudhary, Sunil K.
_9
115767
245
4
_a
The changing face of parties and party systems :
300
_a
379 p.
942
_c
BK
999
_c
599387
_d
599387